Ideología y metodología del diseño

Bibliographic Details
Main Author: Llovet, Jordi
Format: Section = Libro
Language:Undetermined
Spanish
Published: España Gustavo Gili 1979
Subjects:
LEADER 00501nam a2200193Ia 4500
008 240829s9999 xx 000 0 und d
020 |a 84-252-0934-X 
040 |a BIBLIOTECA-RUSB/ 729 Ll792 
041 |a spa 
082 |a 729 Ll792 
100 1 |a Llovet, Jordi 
245 1 0 |a Ideología y metodología del diseño 
260 |a España  |b Gustavo Gili  |c 1979 
300 |a 161 p. :il. 
650 7 |a DISEÑO-METODOLOGIA 
650 7 |b  CONTEXTO DEL DISEÑO 
942 |c BK  |2 ddc 
991 |a TEXTO 
999 |c 5363